<?xml version="1.0" encoding="UTF-8"?>
<record
    xmlns:xsi="http://www.w3.org/2001/XMLSchema-instance"
    xsi:schemaLocation="http://www.loc.gov/MARC21/slim http://www.loc.gov/standards/marcxml/schema/MARC21slim.xsd"
    xmlns="http://www.loc.gov/MARC21/slim">

  <leader>01967nam a22002177a 4500</leader>
  <controlfield tag="008">250625b        |||||||| |||| 00| 0 eng d</controlfield>
  <datafield tag="020" ind1=" " ind2=" ">
    <subfield code="a">9781951949549</subfield>
  </datafield>
  <datafield tag="040" ind1=" " ind2=" ">
    <subfield code="c">tbs</subfield>
  </datafield>
  <datafield tag="041" ind1=" " ind2=" ">
    <subfield code="a">eng</subfield>
    <subfield code="a">fre</subfield>
  </datafield>
  <datafield tag="110" ind1=" " ind2=" ">
    <subfield code="a">Lingo Mastery (Firm)</subfield>
    <subfield code="9">25590</subfield>
  </datafield>
  <datafield tag="245" ind1=" " ind2=" ">
    <subfield code="a">French made easy level 1 </subfield>
    <subfield code="b">: an easy step-by-step approach to learn French for beginners.</subfield>
  </datafield>
  <datafield tag="260" ind1=" " ind2=" ">
    <subfield code="a">[Place of publication not identified], </subfield>
    <subfield code="b">Lingo Mastery,</subfield>
    <subfield code="c">2022.</subfield>
  </datafield>
  <datafield tag="300" ind1=" " ind2=" ">
    <subfield code="a">197 pages :</subfield>
    <subfield code="b">illustrations (black and white) ;</subfield>
    <subfield code="c">28 cm.</subfield>
  </datafield>
  <datafield tag="520" ind1=" " ind2=" ">
    <subfield code="a">Learning to read, speak and write French like a native? Your journey begins here. Oh l&#xE0; l&#xE0;! C'est une grande nouvelle! Up to 300 million people across the globe speak French, so it makes a lot of sense that you would want to learn it. After all, the French language is not just a Romance language but also the language of romance! Spoken as an official language in 29 countries, its reach spreads beyond those nations, as communities in every continent have helped spread the language worldwide. Think French Guiana, Dominica... or French Polynesia, in the Pacific Ocean... it's everywhere! And as for why - travel, love, friendship, business - these are just a few of many reasons to learn this magnificent, elegant and very expressive language. But how in the world do you conquer the challenge of diving into French vocabulary and grammar? Well, sometimes all you need is the right resource; the ideal learning material that will guide you from French hopeful to a complete "sp&#xE9;cialiste du fran&#xE7;ais"! What we're talking about is French Made Easy Level 1 - An Easy Step-By-Step Approach To Learn French for Beginners (Textbook + Workbook Included)!</subfield>
  </datafield>
  <datafield tag="650" ind1=" " ind2="0">
    <subfield code="a">French language</subfield>
    <subfield code="x">Study and teaching</subfield>
    <subfield code="x">Foreign speakers</subfield>
    <subfield code="9">24325</subfield>
  </datafield>
  <datafield tag="650" ind1=" " ind2="0">
    <subfield code="a">French language</subfield>
    <subfield code="x">Grammar</subfield>
    <subfield code="9">25347</subfield>
  </datafield>
  <datafield tag="650" ind1=" " ind2="0">
    <subfield code="a">French language</subfield>
    <subfield code="x">Textbooks for foreign speakers</subfield>
    <subfield code="x">English</subfield>
    <subfield code="9">4891</subfield>
  </datafield>
  <datafield tag="650" ind1=" " ind2="0">
    <subfield code="a">French language</subfield>
    <subfield code="x">Vocabulary</subfield>
    <subfield code="9">25355</subfield>
  </datafield>
  <datafield tag="655" ind1=" " ind2="0">
    <subfield code="a">Self-instruction</subfield>
    <subfield code="9">24883</subfield>
  </datafield>
  <datafield tag="942" ind1=" " ind2=" ">
    <subfield code="2">lcc</subfield>
  </datafield>
  <datafield tag="952" ind1=" " ind2=" ">
    <subfield code="0">0</subfield>
    <subfield code="1">0</subfield>
    <subfield code="2">lcc</subfield>
    <subfield code="4">0</subfield>
    <subfield code="7">0</subfield>
    <subfield code="a">TBS</subfield>
    <subfield code="b">TBS</subfield>
    <subfield code="d">2025-06-25</subfield>
    <subfield code="l">0</subfield>
    <subfield code="o">P-FR LEARN LIN</subfield>
    <subfield code="p">B05756</subfield>
    <subfield code="r">2025-06-25</subfield>
    <subfield code="t">1</subfield>
    <subfield code="w">2025-06-25</subfield>
    <subfield code="y">FRENCH</subfield>
  </datafield>
  <datafield tag="999" ind1=" " ind2=" ">
    <subfield code="c">4800</subfield>
    <subfield code="d">4800</subfield>
  </datafield>
</record>
